000 00286nam a22001217a 4500
041 _aENG
100 _aBadescu.V
245 _aModel For A Solar -Assisted Climatization System
260 _aNew Delhi
_bBIS
_c1998
300 _a07
650 _aBIS Tist Code
856 _uBIS Tist Code
999 _c2143
_d2143